=LDR 00000nam 2200000 4500 =001 INLIS000000000044509 =005 20131008105950 =008 ***********************************Ind** =035 ##$$0010-101300000002431 =041 ##$$a Ind =082 ##$$a 028.55 =090 ##$$a 028.55 , Nat f =100 ##$$a Nata, Koko =245 ##$$a Foxy , Rubah Ekor Perak , Koko Nata =850 ##$$a NBPNMAT